000 00871nem0a2200265 4500
001 RU\NLR\BIBL_A\021963457
005 20260409065119.0
035 _a(NLR Aleph) 021963457
090 _a12329496
_c12329496
100 _a20230614d1922 |||y0rusy50 ca
101 0 _arus
102 _aRU
120 _aayy xx||
123 1 _aa
_b3000000
200 1 _aЗападная область
_bКарты
206 _a1:3 000 000, 30 км в 1 см
210 _aБ. м.
_d[1922?]
215 _a1 к.
_c1 цв.
_d36х31 см
509 0 1 _7ca
_aЗападная область
_92635244
_3RU\NLR\auth_crt\552076
607 _aЗападная область
_jКарты
_91018447
_3RU\NLR\AUTH\6671103
608 _aАдминистративные карты
_3RU\NLR\AUTH\667834
_9901648
852 _aNLR
_bК
_j4-Зап 1/61
_m2954
942 _cMAP
980 _aNB